Reciprocidad hombre-mujer: igualdad y diferencia

Saved in:
Bibliographic Details
Main Author: Di Nicola, Giulia Paola (Author)
Format: Book
Language:Spanish
Published: Madrid Narcea 1991
Series:Colección Narcea Sociocultural
Subjects:
Tags: Add Tag
No Tags, Be the first to tag this record!

MARC

LEADER 00000nam a2200000 a 4500
001 UCM5007
003 CL-VaPUC
008 020927e19910000SP |||||||||||||||||spa|d
082 0 4 |a 305.42  |b DIN  |2 21 
100 0 |a Di Nicola, Giulia Paola  |e author  |9 471270 
245 1 0 |a Reciprocidad hombre-mujer: igualdad y diferencia 
300 |a 240 p 
942 |c BK 
945 |d 20020927 00:00:00  |a vberengu 
260 |a Madrid  |b Narcea  |c 1991 
650 0 |a Mujeres  |9 257649 
650 0 |a Maternidad  |9 335758 
650 7 |a MATERNIDAD - ASPECTOS SOCIALES  |2 CL-VaPUC  |9 468517 
583 |a last modification  |c 20020927 00:00:00  |k Rodrigo Vera 
490 0 |a Colección Narcea Sociocultural 
999 |c 301310  |d 301308 
952 |0 0  |1 0  |4 0  |6 305_420000000000000_DIN_1991  |7 0  |8 A  |9 360148  |a BIBGIM  |b BIBGIM  |d 2019-11-21  |i 3836460  |o 305.42 DIN 1991  |p 3836460  |r 2025-01-15  |w 2019-11-21  |y BK  |k SSL